Statistiques concernant Les Meilleurs buteurs de le Championnat de France 2016-2017

Cliquez ici pour prendre le quiz!

Statistiques générales

  • Ce quiz a été pris 58 fois
  • Le résultat moyen est 7 sur 10

Statistiques - réponses

ButsNationalitéClubJoueur% Correct
28FranceOlympique lyonnais Alexandre Lacazette
100%
35UruguayParis SG Edinson Cavani
100%
21ColombieAS Monaco Radamel Falcao
96%
15FranceOlympique de Marseille Florian Thauvin
95%
15ItalieOGC Nice Mario Balotelli
87%
15FranceAS Monaco Kylian Mbappé
82%
20FranceOlympique de Marseille Bafétimbi Gomis
62%
14BéninMontpellier HSC Steve Mounié
25%
15CroatieSM Caen Ivan Santini
18%
14FranceLOSC Lille Nicolas de Préville
7%

Distribution des résultats

Percentile par nombre de réponses

% des personnes avec chaque résultat

Votre développement - résultats

Vous n’avez pas pris ce quiz